00399 2200157 4500001002100000008004100021035002000062245003200082100001700114260003200131300002200163020002200185084001400207082000800221990001200229INLIS000000000002857 IND  a0010-0925000204 aDi Sudut HaticNenny Makmun aNenny Makmun aJakartabRumah Oranyec2013 a236c(13 x 19 cm) a978-602-1588-02-4 a813 NEN c a813 a0755079